[Event "FIN-chT 1314"]
[Site "Finland"]
[Date "2014.02.08"]
[Round "7.4"]
[White "Salo, Heikki"]
[Black "Maki, Veijo"]
[Result "1-0"]
[WhiteElo "2265"]
[BlackElo "2379"]
[PlyCount "51"]
[EventDate "2013.09.21"]
[EventType "team-tourn"]
[EventRounds "11"]
[EventCountry "FIN"]
[SourceTitle "EXT 2015"]
[Source "ChessBase"]
[SourceDate "2014.11.20"]
[SourceVersion "1"]
[SourceVersionDate "2014.11.20"]
[SourceQuality "1"]
[WhiteTeam "Vantaa EtVaS"]
[BlackTeam "Tampere Tammer"]
[WhiteTeamCountry "FIN"]
[BlackTeamCountry "FIN"]

1. d4 Nf6 2. Nf3 g6 3. c4 Bg7 4. Nc3 d5 5. cxd5 Nxd5 6. e4 Nxc3 7. bxc3 c5 8. Rb1 0-0 9. Be2 b6 10. Qb3 Nc6 11. d5 Na5 12. Qc2 f5 13. c4 e6 14. Bg5 Qd6 15. e5 Bxe5 16. Nxe5 Qxe5 17. 0-0 exd5 18. Bf3 Bb7 19. Rfe1 Qg7 20. Re7 Rf7 21. Rbe1 Rxe7 22. Rxe7 Qa1+ 23. Bc1 d4 24. Qd2 Kf8 25. Rxh7 d3 26. Qh6+ 1-0

[Event "FIN-chT 1314"]
[Site "Finland"]
[Date "2013.11.03"]
[Round "6.4"]
[White "Salo, Heikki"]
[Black "Issakainen, Ari"]
[Result "1-0"]
[WhiteElo "2265"]
[BlackElo "2197"]
[PlyCount "123"]
[EventDate "2013.09.21"]
[EventType "team-tourn"]
[EventRounds "11"]
[EventCountry "FIN"]
[SourceTitle "EXT 2014"]
[Source "ChessBase"]
[SourceDate "2013.11.20"]
[SourceVersion "1"]
[SourceVersionDate "2013.11.20"]
[SourceQuality "1"]
[WhiteTeam "Vantaa EtVaS"]
[BlackTeam "Helsinki Aatos"]
[WhiteTeamCountry "FIN"]
[BlackTeamCountry "FIN"]

1. d4 d5 2. c4 c6 3. Nf3 Nf6 4. e3 g6 5. Nc3 Bg7 6. Be2 0-0 7. 0-0 dxc4 8. Bxc4 Bg4 9. h3 Bxf3 10. Qxf3 Nbd7 11. Rd1 e5 12. d5 e4 13. Nxe4 Nxe4 14. Qxe4 Nb6 15. Bb3 Re8 16. Qf3 cxd5 17. e4 Qe7 18. exd5 Qe2 19. Qxe2 Rxe2 20. Kf1 Re4 21. Rb1 a5 22. Be3 Nc4 23. Bxc4 Rxc4 24. b3 Rc2 25. Rbc1 Rxc1 26. Rxc1 Be5 27. a4 Bd6 28. Ke2 Kf8 29. Kd3 Ke7 30. Kc4 Kd7 31. Kb5 Ba3 32. Rd1 Bb4 33. Bf4 Ra6 34. Rc1 Bd6 35. Bd2 Bc7 36. Be3 Rf6 37. Rd1 h5 38. Bc5 Rf4 39. Rd3 b6 40. Be3 Rb4+ 41. Ka6 Bd8 42. f3 g5 43. Bd2 Rh4 44. Kb7 b5 45. axb5 a4 46. bxa4 Rxa4 47. Be3 Ra2 48. Rd2 Ra3 49. Bc5 Rc3 50. Bd4 Rc4 51. b6 Ra4 52. Be5 f6 53. Bb8 f5 54. d6 g4 55. fxg4 fxg4 56. hxg4 hxg4 57. Bc7 Bg5 58. Rf2 Bf4 59. Re2 Bg5 60. Re5 Bf6 61. Rf5 Ke6 62. Rxf6+ 1-0

[Event "FIN-chT 1314"]
[Site "Finland"]
[Date "2013.10.13"]
[Round "4.5"]
[White "Sandvik, Thomas"]
[Black "Salo, Heikki"]
[Result "0-1"]
[WhiteElo "2092"]
[BlackElo "2265"]
[PlyCount "82"]
[EventDate "2013.09.21"]
[EventType "team-tourn"]
[EventRounds "11"]
[EventCountry "FIN"]
[SourceTitle "EXT 2014"]
[Source "ChessBase"]
[SourceDate "2013.11.20"]
[SourceVersion "1"]
[SourceVersionDate "2013.11.20"]
[SourceQuality "1"]
[WhiteTeam "Helsinki Garde"]
[BlackTeam "Vantaa EtVaS"]
[WhiteTeamCountry "FIN"]
[BlackTeamCountry "FIN"]

1. e4 e5 2. d4 exd4 3. Nf3 d6 4. Qxd4 Nc6 5. Bb5 Bd7 6. Bxc6 Bxc6 7. Nc3 Qf6 8. Nd5 Qxd4 9. Nxd4 0-0-0 10. Nxc6 bxc6 11. Nc3 Re8 12. 0-0 Nf6 13. f3 d5 14. Bg5 Bc5+ 15. Kh1 Bd4 16. Bxf6 Bxf6 17. exd5 Bxc3 18. bxc3 cxd5 19. Rfe1 Kd7 20. Red1 Kc6 21. Rd2 Re3 22. Rad1 Rhe8 23. Kg1 Rxc3 24. Kf2 Re5 25. Rb1 Ra3 26. Rb2 Kc5 27. Rd3 Rxd3 28. cxd3 Kd4 29. Rb3 Re6 30. Rb7 Rc6 31. Rxa7 Kxd3 32. a4 d4 33. a5 Rc2+ 34. Kg3 Ke3 35. Ra8 d3 36. a6 d2 37. a7 Ra2 38. Re8+ Kd3 39. a8Q Rxa8 40. Rxa8 d1Q 41. Rd8+ Ke2 0-1

[Event "FIN-chT 1314"]
[Site "Finland"]
[Date "2013.09.21"]
[Round "1.4"]
[White "Vinke, Dietmar"]
[Black "Salo, Heikki"]
[Result "1/2-1/2"]
[WhiteElo "2212"]
[BlackElo "2265"]
[PlyCount "45"]
[EventDate "2013.09.21"]
[EventType "team-tourn"]
[EventRounds "11"]
[EventCountry "FIN"]
[SourceTitle "CBM 156 Extra"]
[Source "ChessBase"]
[SourceDate "2013.10.22"]
[SourceVersion "1"]
[SourceVersionDate "2013.10.22"]
[SourceQuality "1"]
[WhiteTeam "Oulu OSS"]
[BlackTeam "Vantaa EtVaS"]
[WhiteTeamCountry "FIN"]
[BlackTeamCountry "FIN"]

1. Nf3 g6 2. g3 Bg7 3. Bg2 e5 4. e4 Ne7 5. d4 exd4 6. Nxd4 Nbc6 7. Nxc6 Nxc6 8. 0-0 d6 9. Nc3 Be6 10. Nd5 0-0 11. c3 Ne7 12. Bf4 Qd7 13. Re1 Rfe8 14. Qd2 Nxd5 15. exd5 Bf5 16. h4 Rxe1+ 17. Rxe1 Re8 18. Rxe8+ Qxe8 19. Qe3 Qxe3 20. Bxe3 b6 21. Kf1 Kf8 22. Ke2 Ke7 23. Kd2 1/2-1/2